Primer seminario sobre formulación de políticas para la niñez dominicana (Registro nro. 3529)

Detalles MARC
000 -CABECERA
campo de control de longitud fija 00729nam a22001937a 4500
003 - IDENTIFICADOR DEL NÚMERO DE CONTROL
campo de control DO-SdBJH
005 - FECHA Y HORA DE LA ÚLTIMA TRANSACCIÓN
campo de control 20180530050153.0
008 - DATOS DE LONGITUD FIJA--INFORMACIÓN GENERAL
campo de control de longitud fija 180509b ||||| |||| 00| 0 spa d
040 ## - FUENTE DE LA CATALOGACIÓN
Centro catalogador/agencia de origen DO-SdBJH
Lengua de catalogación spa
Centro/agencia transcriptor DO-SdBJH
082 ## - NÚMERO DE LA CLASIFICACIÓN DECIMAL DEWEY
Número de clasificación RD 361.97293
Número de documento/Ítem S471p 1980
111 ## - ENTRADA PRINCIPAL--NOMBRE DE CONGRESO/REUNIÓN
Nombre de congreso/reunión o jurisdicción como elemento de entrada Seminario sobre Formulación de Políticas para la Niñez Dominicana
Sede del congreso/Lugar de la reunión Santo Domingo
Fecha del congreso/reunión 1980
Término indicativo de función/relación 1.
245 ## - MENCIÓN DE TÍTULO
Título Primer seminario sobre formulación de políticas para la niñez dominicana
260 ## - PUBLICACIÓN, DISTRIBUCIÓN, ETC.
Lugar de publicación, distribución, etc. Santo Domingo :
Nombre del editor, distribuidor, etc. CONANI; Universidad Católica Madre y Maestra;
Fecha de publicación, distribución, etc. 1980
300 ## - DESCRIPCIÓN FÍSICA
Extensión 383 páginas
Otras características físicas il.:
490 ## - MENCIÓN DE SERIE
Mención de serie Colección estudios
Designación de volumen o secuencia 57
650 #4 - PUNTO DE ACCESO ADICIONAL DE MATERIA--TÉRMINO DE MATERIA
Término de materia o nombre geográfico como elemento de entrada Niños
Subdivisión general Asistencia social
Subdivisión geográfica República Dominicana
650 #4 - PUNTO DE ACCESO ADICIONAL DE MATERIA--TÉRMINO DE MATERIA
Término de materia o nombre geográfico como elemento de entrada Niños
Subdivisión general Legislación
942 ## - ELEMENTOS DE PUNTO DE ACCESO ADICIONAL (KOHA)
Fuente del sistema de clasificación o colocación Dewey Decimal Classification
Tipo de ítem Koha Libros
Existencias
Estado de retiro Estado de pérdida Fuente del sistema de clasificación o colocación Estado dañado No para préstamo Código de colección Localización permanente Ubicación/localización actual Ubicación en estantería Fecha de adquisición Número de inventario Total de préstamos Signatura topográfica completa Código de barras Fecha visto por última vez Número de copia Precio válido a partir de Tipo de ítem Koha
    Dewey Decimal Classification     Colección Dominicana SIBM UNADE - Biblioteca Academia Militar "Batalla de las Carreras", ERD SIBM UNADE - Biblioteca Academia Militar "Batalla de las Carreras", ERD En estantería 05/09/2018 18-AERD-02045   RD 361.97293 S471p 1980 18-AERD-02045 05/09/2018 Ej. 1 05/09/2018 Libros
© Copyright 2016. Universidad Nacional para la Defensa.Todos los derechos reservados.

 

Designed & Maintained by: https://www.sibdweb.com.do
Sistema de Información & Bibliotecas (SIBD). Contact: pbrito2005@gmail.com